La Traversata Dell’Estate - Tiziano Ferro - Testo Completo - Statistics

Statistiche generali
  • Questo quiz è stato fatto 17 volte
  • Il punteggio medio è 116 su 183
Statistiche sulle risposte
Risposta % Corretto
(Ah,
100%
ah)
100%
E
100%
e
100%
i
91%
la
91%
La
91%
Tra
91%
con
82%
Con
82%
dell'estate
82%
se
82%
Se
82%
te
82%
traversata
82%
che
73%
Ci
73%
di
73%
in
73%
io
73%
ma
73%
mai,
73%
mai
73%
mi
73%
non
73%
Non
73%
sei
73%
Ti
73%
ti
73%
farò
64%
lo
64%
questo
64%
coraggio
55%
della
55%
dell'inverno
55%
han
55%
passione
55%
quale
55%
un
55%
(Caldo)
45%
eterno
45%
fidi
45%
giuro
45%
Giuro
45%
hotel
45%
L'amore
45%
persona
45%
solo
45%
trattenuto
45%
viaggio
45%
aerea
36%
bar
36%
Dopo
36%
li
36%
retorica
36%
strage
36%
(Basso)
27%
birra
27%
ed
27%
nei
27%
partirei
27%
ricordi
27%
segreti
27%
analcolica
18%
lascerei
18%
sapessi
18%
(Bassa)
9%
cederei
9%
chiedessi
9%
credi
9%
d'estate,
9%
d'estate
9%
ferirti
9%
media
9%
miserevole
9%
partirà
9%
personalità
9%
riuscirai
9%
spiaggia
9%
supplicassi
9%
tradirti
9%
vedrai
9%
venderò
9%
Nessun quiz corrispondente trovato
Distribuzione punteggi
Percentuale di utenti per punteggio
Percentile per numero di risposta
I tuoi punteggi nel tempo
Non hai fatto questo quiz